The All India Reporter1965 (V-52) M.P Section (Record no. 6799)

MARC details
000 -LEADER
fixed length control field 00389nam a22001457a 4500
005 - DATE AND TIME OF LATEST TRANSACTION
control field 20210902115227.0
008 - FIXED-LENGTH DATA ELEMENTS--GENERAL INFORMATION
fixed length control field 200604b xxu||||| |||| 00| 0 eng d
082 ## - DEWEY DECIMAL CLASSIFICATION NUMBER
Classification number 345.4 AIR
100 ## - MAIN ENTRY--AUTHOR NAME
Personal name The All India Reporter
245 ## - TITLE STATEMENT
Title The All India Reporter1965 (V-52) M.P Section
260 ## - PUBLICATION, DISTRIBUTION, ETC. (IMPRINT)
Place of publication BOMBAY
Name of publisher The All India Reporter
Year of publication 1965
300 ## - PHYSICAL DESCRIPTION
Number of Pages 544p.
650 ## - SUBJECT ADDED ENTRY--TOPICAL TERM
Topical Term LAW
942 ## - ADDED ENTRY ELEMENTS (KOHA)
Koha item type Journals/Serial
Holdings
Lost status Damaged status Collection code Home library Current library Shelving location Date acquired Source of acquisition Full call number Accession Number Koha item type
    LAW JRU Library JRU Library SHELF-35-D 16/06/2020 PURCHASE 345.4 AIR 24395 Journals/Serial